[Event "AUTO-OPEN-2586"]
[Site "http://www.queenalice.com/game.php?id=1022653"]
[Date "2012.1.31"]
[Round "1"]
[White "chein"]
[Black "MichelTA"]
[Result "1-0"]
[WhiteElo "1816"]
[BlackElo "1622"]

1. e4 e5 2. Nf3 d6 3. Nc3 Nf6 4. d4 exd4 5. Nxd4 Bg4 6. Bb5+ c6 7. f3 cxb5 8.
fxg4 Nc6 9. g5 Nxd4 10. Qxd4 Ng4 11. O-O b6 12. Qd5 b4 13. Qxf7# 1-0

[Event "AUTO-OPEN-2586"]
[Site "http://www.queenalice.com/game.php?id=1022654"]
[Date "2012.1.31"]
[Round "1"]
[White "MichelTA"]
[Black "chein"]
[Result "0-1"]
[WhiteElo "1622"]
[BlackElo "1980"]

1. e4 c5 2. c4 Nc6 3. Nf3 Nf6 4. Ng5 h6 5. Nxf7 Kxf7 6. Bd3 e6 7. O-O d5 8. exd5
exd5 9. cxd5 Qxd5 10. Be2 Be6 11. Nc3 Qf5 12. b3 Rd8 13. Nb5 Nd5 14. g4 Qf6 15.
Rb1 a6 16. Bb2 Qf4 17. d4 axb5 18. h3 Bd6 19. Re1 Qh2+ 0-1

[Event "AUTO-OPEN-2586"]
[Site "http://www.queenalice.com/game.php?id=1022675"]
[Date "2012.1.31"]
[Round "1"]
[White "MichelTA"]
[Black "Canaye"]
[Result "0-1"]
[WhiteElo "1616"]
[BlackElo "1938"]

1. Nf3 e6 2. e4 d5 3. e5 c5 4. d4 Nc6 5. dxc5 Bxc5 6. Bg5 Qb6 7. b3 Bxf2+ 8. Kd2
h6 9. Bf4 g5 10. Nxg5 hxg5 11. Bxg5 Qd4+ 12. Kc1 Qxa1 13. Qe2 Bd4 14. c3 Bxc3
15. Qd3 Qb2+ 16. Kd1 Bxe5 17. h4 Bd7 18. Bc1 Qd4 19. Qxd4 Bxd4 20. Be2 Nf6 21.
Nd2 e5 22. g4 Ne4 23. Nxe4 dxe4 24. h5 Rc8 25. Bg5 Nb4 26. a4 O-O 27. Bf6 Rc3
28. h6 Kh7 29. Rh5 Be3 30. Bxe5 Rc1# 0-1

[Event "AUTO-OPEN-2586"]
[Site "http://www.queenalice.com/game.php?id=1022676"]
[Date "2012.1.31"]
[Round "1"]
[White "Canaye"]
[Black "MichelTA"]
[Result "1-0"]
[WhiteElo "1929"]
[BlackElo "1620"]

1. d4 d5 2. c4 dxc4 3. e4 c6 4. Bxc4 b5 5. Bb3 g6 6. Nf3 Nf6 7. O-O Bg7 8. Ng5
h6 9. Nxf7 Qc7 10. Nxh8 Bxh8 11. Qf3 Bg4 12. Qe3 g5 13. f3 Bh3 14. gxh3 Nh5 15.
Nc3 Nd7 16. e5 e6 17. Bxe6 O-O-O 18. Ne4 Kb8 19. a4 b4 20. a5 a6 21. Bd2 Nf4 22.
Bc4 Nxh3+ 23. Kg2 Nf4+ 24. Kh1 Nxe5 25. Bxa6 c5 26. dxe5 Qxe5 27. Qxc5 Ne6 28.
Qb6+ Ka8 29. Qb7# 1-0

[Event "AUTO-OPEN-2586"]
[Site "http://www.queenalice.com/game.php?id=1022677"]
[Date "2012.1.31"]
[Round "1"]
[White "MichelTA"]
[Black "diego2907"]
[Result "0-1"]
[WhiteElo "1590"]
[BlackElo "1513"]

1. Nc3 e5 2. e4 Bc5 3. Nf3 d6 4. Bc4 a6 5. d3 Nc6 6. O-O Na5 7. Bd5 c6 8. Bxf7+
Kxf7 9. Ng5+ Kf8 10. Qf3+ Nf6 11. a3 Bd4 12. Na4 h6 13. b4 Bxa1 14. Bd2 Nb3 15.
cxb3 Bd4 16. Nh3 Bg4 17. Qf5 Bxf5 18. exf5 Qd7 19. Nb6 Bxb6 20. g4 Nxg4 21. f6
Nxf6 22. b5 Qxh3 23. bxc6 Ng4 24. Rc1 Bxf2+ 0-1

[Event "AUTO-OPEN-2586"]
[Site "http://www.queenalice.com/game.php?id=1022678"]
[Date "2012.1.31"]
[Round "1"]
[White "diego2907"]
[Black "MichelTA"]
[Result "1-0"]
[WhiteElo "1532"]
[BlackElo "1571"]

1. e4 e5 2. Bc4 g6 3. Nf3 Bd6 4. d3 Nf6 5. a3 O-O 6. Bh6 Re8 7. Nc3 Ng4 8. Bg5
Be7 9. Bxe7 Qxe7 10. Nd5 Qd6 11. Ng5 c6 12. Qf3 Rf8 13. Qxg4 cxd5 14. Bxd5 h6
15. Nh3 Nc6 16. O-O Nd4 17. c3 Nc2 18. Rac1 Nxa3 19. bxa3 h5 20. Qf3 Qxa3 21.
Qf6 a5 22. Qxg6+ Kh8 23. Qh6+ Kg8 24. Ng5 Re8 25. Bxf7# 1-0

[Event "AUTO-INT-2232"]
[Site "http://www.queenalice.com/game.php?id=1022815"]
[Date "2012.1.31"]
[Round "1"]
[White "dlabedz"]
[Black "MichelTA"]
[Result "0-1"]
[WhiteElo "1338"]
[BlackElo "1538"]

1. d4 d5 2. h3 Nf6 3. Nc3 Nc6 4. g4 Ne4 5. Nxe4 dxe4 6. e3 g5 7. Ne2 Bg7 8. c3
O-O 9. f4 gxf4 10. Nxf4 e5 11. dxe5 Qh4+ 12. Kd2 Rd8+ 13. Bd3 Bxe5 14. Ng2 Qf2+
15. Qe2 Rxd3+ 16. Kc2 Qxe2+ 17. Kb1 Qxg2 18. Re1 Qxh3 19. Bd2 Rxd2 20. a3 Be6
21. g5 Rad8 0-1

[Event "AUTO-INT-2232"]
[Site "http://www.queenalice.com/game.php?id=1022816"]
[Date "2012.1.31"]
[Round "1"]
[White "MichelTA"]
[Black "dlabedz"]
[Result "1-0"]
[WhiteElo "1542"]
[BlackElo "1276"]

1. Nf3 d5 2. d4 f6 3. Nc3 c6 4. e4 f5 5. exf5 Bxf5 6. Ne5 Nd7 7. Bd3 Be6 8. O-O
g6 9. Qf3 Ndf6 10. b4 Nh6 11. a4 Bg7 12. Bxg6+ Kf8 13. Bg5 Qc7 14. Nf7 Bg4 15.
Qe3 Qd7 16. b5 cxb5 17. axb5 b6 18. h3 Bf5 19. Nxh8 Bxh8 20. Bxh6+ Bg7 21. Bxg7+
Kxg7 22. Bxf5 Qxf5 23. Qxe7+ Kg6 24. Rae1 Rg8 25. Qxa7 Kh6 26. Qf7 Rg7 27. Qf8
Kg6 28. Re5 Qxc2 29. Re3 Qf5 30. Rf3 Qe6 31. g4 Rf7 32. Qd8 h5 33. Re3 Qd7 34.
Qxb6 Kg7 35. g5 Ne4 36. Qh6+ Kg8 37. Ra1 Qb7 38. Nxd5 Qxd5 39. Qg6+ Rg7 40. Qxh5
Qxd4 41. Ra8+ 1-0

[Event "AUTO-INT-2232"]
[Site "http://www.queenalice.com/game.php?id=1022829"]
[Date "2012.1.31"]
[Round "1"]
[White "rumplestiltskin"]
[Black "MichelTA"]
[Result "1-0"]
[WhiteElo "1640"]
[BlackElo "1559"]

1. e4 e5 2. f4 exf4 3. Nf3 Nf6 4. Nc3 Nc6 5. d4 Be7 6. Bb5 O-O 7. Bxc6 bxc6 8.
Bxf4 c5 9. O-O c4 10. e5 Ng4 11. Qe2 Ba6 12. Nd2 Qb8 13. Rab1 h5 14. h3 Nxe5 15.
Qxe5 Bd6 16. Qxh5 Bxf4 17. Rxf4 Qb5 18. Nxb5 Bxb5 19. Qxb5 c6 20. Qxc4 Rae8 21.
Rbf1 Kh7 22. Rh4+ Kg6 23. Qd3+ f5 24. Qg3+ Kf7 25. Rxf5+ Ke7 26. Qxg7+ Kd8 27.
Rxf8 Rxf8 28. Qxf8+ Kc7 29. Nc4 a5 30. Qd6+ Kc8 31. Rh8+ Kb7 32. Qb8+ Ka6 33.
Qb6# 1-0

[Event "AUTO-INT-2232"]
[Site "http://www.queenalice.com/game.php?id=1022830"]
[Date "2012.1.31"]
[Round "1"]
[White "MichelTA"]
[Black "rumplestiltskin"]
[Result "0-1"]
[WhiteElo "1551"]
[BlackElo "1627"]

1. Nf3 e5 2. Nxe5 Qf6 3. d4 d6 4. Nf3 h6 5. e4 Bd7 6. d5 c6 7. dxc6 Nxc6 8. Nc3
Nge7 9. Nb5 O-O-O 10. Be3 b6 11. Nxd6+ Kc7 12. Nc4 Bg4 13. Ncd2 Ne5 14. c3 N7c6
15. Ba6 Rxd2 16. Qxd2 Bxf3 17. a4 Bxg2 18. O-O-O Bxh1 19. Rxh1 Nf3 20. Qe2 Be7
21. Qc4 Ne5 22. Qd5 Rd8 23. Qb5 Nd3+ 24. Kc2 Qf3 25. Rd1 Ndb4+ 26. cxb4 Qxd1+
27. Kc3 Bxb4+ 28. Kc4 Qc2# 0-1

[Event "AUTO-INT-2232"]
[Site "http://www.queenalice.com/game.php?id=1022837"]
[Date "2012.1.31"]
[Round "1"]
[White "dladuke7"]
[Black "MichelTA"]
[Result "0-1"]
[WhiteElo "1477"]
[BlackElo "1546"]

1. e4 e5 2. Nf3 Nf6 3. Nc3 Bc5 4. h3 O-O 5. Bc4 Nc6 6. O-O a6 7. Ng5 b5 8. Bd5
Nxd5 9. Nxd5 Qxg5 10. d3 Qh4 11. Be3 Bd4 12. Bxd4 Nxd4 13. Nxc7 Ra7 14. Nd5 d6
15. c3 Nf5 16. exf5 Bxf5 17. d4 Re8 18. Ne3 Be4 19. f3 Bg6 20. Nd5 f5 21. Qb3
Bf7 22. Rae1 e4 23. Qb4 Bxd5 24. Qxd6 Bxa2 25. Qb6 Raa8 26. Ra1 Reb8 27. Qa5 Be6
28. f4 Qg3 29. Qc7 Qe3+ 30. Kh1 b4 31. Qe5 Re8 32. d5 Bd7 33. Qd6 Bb5 34. Rfe1
Qd2 35. Qxb4 Qxf4 36. Rf1 Bxf1 37. Qd4 Bxg2+ 38. Kxg2 Red8 39. Rf1 Qg5+ 40. Kh2
h5 41. Rg1 Qf4+ 42. Rg3 Rd7 43. d6 h4 44. Qd5+ Kf8 45. Qxa8+ Kf7 46. Kg2 Qxg3+
47. Kf1 Qxh3+ 48. Kf2 f4 49. Qxe4 Qg3+ 50. Kf1 Rxd6 51. Qf5+ Kg8 52. Ke2 h3 53.
Qc8+ Kh7 54. Qc7 Qg2+ 55. Ke1 Rd2 56. Qxf4 Qe2# 0-1

[Event "AUTO-INT-2232"]
[Site "http://www.queenalice.com/game.php?id=1022838"]
[Date "2012.1.31"]
[Round "1"]
[White "MichelTA"]
[Black "dladuke7"]
[Result "0-1"]
[WhiteElo "1611"]
[BlackElo "1478"]

1. e4 e5 2. Nf3 Nc6 3. c3 Nf6 4. Qb3 Nxe4 5. d3 Nc5 6. Qd5 d6 7. Ng5 Be6 8. Nxe6
fxe6 9. Qf3 Qf6 10. Qxf6 gxf6 11. Be2 O-O-O 12. O-O e4 13. dxe4 Nxe4 14. a4 d5
15. b4 a6 16. b5 axb5 17. Bxb5 Ne5 18. Bf4 Bd6 19. a5 c6 20. Ba4 Ng6 21. Bxd6
Rxd6 22. Na3 Nxc3 23. Bxc6 bxc6 24. a6 c5 25. a7 Ra6 26. Nc2 Rxa1 27. Rxa1 Kb7
28. g4 Ra8 29. Ra5 Rxa7 30. Rxc5 Ne4 31. Rb5+ Kc6 32. Nd4+ Kd6 33. f3 Ra1+ 34.
Kg2 Nf4# 0-1

[Event "AUTO-OPEN-2587"]
[Site "http://www.queenalice.com/game.php?id=1022891"]
[Date "2012.1.31"]
[Round "1"]
[White "Ronsini"]
[Black "MichelTA"]
[Result "1-0"]
[WhiteElo "2089"]
[BlackElo "1553"]

1. e4 e5 2. Nf3 Qf6 3. Nc3 c6 4. d4 d6 5. dxe5 dxe5 6. Bg5 Qd6 7. Qe2 f6 8. Rd1
Qb4 9. Qd3 Nd7 10. Bc1 g5 11. Be2 h5 12. O-O g4 13. Nh4 Ne7 14. a3 Qc5 15. Be3
Qa5 16. f3 b5 17. Nf5 Nxf5 18. exf5 g3 19. h3 b4 20. axb4 Qxb4 21. Ne4 h4 22. c3
Qxb2 23. Nxf6+ Nxf6 24. Qd8+ Kf7 25. Bc4+ Nd5 26. Rxd5 cxd5 27. Bxd5+ Kg7 28.
Qg5+ 1-0

[Event "AUTO-OPEN-2587"]
[Site "http://www.queenalice.com/game.php?id=1022892"]
[Date "2012.1.31"]
[Round "1"]
[White "MichelTA"]
[Black "Ronsini"]
[Result "0-1"]
[WhiteElo "1546"]
[BlackElo "2123"]

1. Nc3 e5 2. Nd5 d6 3. e4 c6 4. Nc3 Nf6 5. d3 Be7 6. Bg5 O-O 7. h4 h6 8. Bxh6
gxh6 9. Nf3 Kh7 10. Rh3 Bxh3 11. gxh3 Rg8 12. Qe2 Nbd7 13. O-O-O b5 14. h5 Nxh5
15. h4 b4 16. Nd2 Nhf6 17. Na4 Qa5 18. b3 Nb6 19. Nc4 Qa6 20. Ncxb6 axb6 21. Bh3
b5 22. Bf5+ Kg7 23. Nb2 Qxa2 24. f4 Qa1+ 25. Kd2 Qxb2 26. Rg1+ Kf8 27. Rf1 Nh5
28. Qxh5 Rg2+ 29. Ke3 Qxc2 30. fxe5 Qd2+ 31. Kf3 Qe2+ 32. Kf4 Qxf1+ 33. Ke3 Qf2#
0-1

[Event "AUTO-OPEN-2587"]
[Site "http://www.queenalice.com/game.php?id=1022915"]
[Date "2012.1.31"]
[Round "1"]
[White "MichelTA"]
[Black "leduar"]
[Result "0-1"]
[WhiteElo "1544"]
[BlackElo "2003"]

1. Nf3 Nf6 2. Nc3 d5 3. d4 Nc6 4. e3 Bf5 5. a3 h6 6. Bb5 a6 7. Bxc6+ bxc6 8. O-O
Bg4 9. b4 e6 10. b5 cxb5 11. Ne5 Bxd1 12. Rxd1 Bd6 13. Nc6 Qd7 14. Ne5 Bxe5 15.
dxe5 Ne4 16. Nxe4 Qc6 17. Ng3 Qxc2 18. Rd2 Qc3 19. Rb1 O-O 20. h4 Qxe5 21. Bb2
Qd6 22. Nh5 f6 23. Rd4 e5 24. Rg4 Rf7 25. Rg6 Kh7 26. Rg4 g6 27. Ng3 f5 28. Rb4
c5 29. Rb3 Rb8 30. Ba1 Rfb7 31. a4 b4 32. Rd1 c4 33. Rbb1 c3 34. f4 exf4 35.
exf4 c2 36. Be5 cxd1=Q+ 37. Rxd1 Qc5+ 38. Kf1 b3 39. h5 b2 40. Bxb8 Rxb8 41.
hxg6+ Kxg6 42. Ke2 Qc2+ 43. Rd2 Re8+ 44. Ne4 Rxe4+ 45. Kf3 Qxd2 46. Kg3 Qxf4+
47. Kh3 Qh4# 0-1

[Event "AUTO-OPEN-2587"]
[Site "http://www.queenalice.com/game.php?id=1022916"]
[Date "2012.1.31"]
[Round "1"]
[White "leduar"]
[Black "MichelTA"]
[Result "1-0"]
[WhiteElo "2079"]
[BlackElo "1613"]

1. e4 e5 2. Nf3 d6 3. d4 Bg4 4. Be2 Nf6 5. Nc3 Nc6 6. d5 Nxe4 7. Nxe4 Qd7 8.
dxc6 Qxc6 9. Nc3 f5 10. Bb5 Bxf3 11. Qxf3 O-O-O 12. Bxc6 bxc6 13. Qxc6 f4 14.
O-O g5 15. Nd5 Rd7 16. Qa8# 1-0

[Event "AUTO-OPEN-2587"]
[Site "http://www.queenalice.com/game.php?id=1022917"]
[Date "2012.1.31"]
[Round "1"]
[White "MichelTA"]
[Black "aknightout"]
[Result "0-1"]
[WhiteElo "1558"]
[BlackElo "1883"]

1. e4 e5 2. Bc4 Nf6 3. d3 Bc5 4. a3 a6 5. b4 Ba7 6. Nf3 d6 7. h4 Ng4 8. Qe2
Bxf2+ 9. Kf1 Qf6 10. Bg5 Bd4 11. Bxf6 Bxa1 12. Bxg7 Rg8 13. Bxe5 dxe5 14. Nh2
Nh6 15. Qh5 Rg6 16. Nf3 Bg4 17. Bxf7+ Kxf7 18. Qxg6+ hxg6 19. Ng5+ Ke7 20. Nd2
Nf7 21. Nh7 Nc6 22. Nc4 Nd4 23. a4 Nxc2 24. Kf2 Bd4+ 25. Kg3 Nh6 26. Rf1 Be2 27.
Rf6 Rh8 28. Rxg6 Rxh7 29. b5 Bxd3 30. Nd2 Be3 31. Nf3 Bxe4 32. Rxh6 Rxh6 33.
Nxe5 Ke6 34. Ng4 Rg6 35. h5 Rxg4+ 36. Kxg4 axb5 37. axb5 Bxg2 38. Kg3 Be4 39. h6
Bxh6 40. Kg4 c5 41. bxc6 bxc6 42. Kh5 Be3 43. Kg4 c5 44. Kg3 c4 45. Kg4 Nd4 46.
Kg3 c3 47. Kg4 c2 48. Kg3 c1=Q 49. Kg4 Qg1+ 50. Kh3 Bf5+ 51. Kh4 Qg4# 0-1

[Event "AUTO-OPEN-2587"]
[Site "http://www.queenalice.com/game.php?id=1022918"]
[Date "2012.1.31"]
[Round "1"]
[White "aknightout"]
[Black "MichelTA"]
[Result "1-0"]
[WhiteElo "1952"]
[BlackElo "1560"]

1. e4 e5 2. Nf3 Nc6 3. Nc3 Qe7 4. Nd5 Qd6 5. a3 Nd4 6. Bc4 c6 7. Ne3 h5 8. Ng5
Nh6 9. Qxh5 Ne6 10. Nf5 g6 11. Nxd6+ Bxd6 12. Qh4 Nd4 13. Kd1 Bc5 14. c3 b5 15.
Ba2 Ne6 16. Nxe6 dxe6 17. b4 Be7 18. Qg3 f5 19. Qxg6+ Kd8 20. Bxe6 Bxe6 21. Qxe6
Ng4 22. Qxc6 Rc8 23. Qd5+ Ke8 24. Qxb5+ Kf8 25. Ke2 fxe4 26. Qb7 Rd8 27. Qxe4
Nf6 28. Qxe5 Rh5 29. Qf4 Bd6 30. Qxf6+ Kg8 31. Qxd8+ Bf8 32. d4 Rh7 33. Qd5+ Kg7
34. Qd7+ Kg8 35. Qxh7+ Kxh7 36. c4 Kg6 37. d5 Kf6 38. c5 Ke7 39. Bg5+ Kd7 40.
Kd3 Kc7 41. Rhe1 Kd7 42. Re6 a5 43. c6+ Kc7 44. bxa5 Bc5 45. Rb1 Bxa3 46. Rb7+
1-0

[Event "AUTO-INT-2316"]
[Site "http://www.queenalice.com/game.php?id=1057385"]
[Date "2012.5.8"]
[Round "1"]
[White "MichelTA"]
[Black "gonzo655"]
[Result "0-1"]
[WhiteElo "1574"]
[BlackElo "1622"]

1. Nf3 b6 2. Nc3 Nf6 3. d4 d5 4. e3 e6 5. Ne5 Bd6 6. f4 O-O 7. h4 h6 8. g4 c5 9.
g5 Ne4 10. gxh6 gxh6 11. Qh5 Qf6 12. Ng4 Qh8 13. Rg1 Rd8 14. Nxe4 dxe4 15. Ne5+
Kf8 16. Nxf7 Qf6 17. Nxh6 Ke7 18. Bh3 Kd7 19. a4 cxd4 20. a5 b5 21. Rg6 Qe7 22.
Bd2 Ba6 23. O-O-O d3 24. c4 bxc4 25. Bc3 Ba3 26. Bf6 Qb4 27. Rg7+ Kc6 28. Bxe6
c3 29. Rxd3 Qxb2+ 30. Kd1 Rxd3+ 31. Ke1 Rxe3+ 32. Kd1 Qd2# 0-1

[Event "AUTO-INT-2316"]
[Site "http://www.queenalice.com/game.php?id=1057386"]
[Date "2012.5.8"]
[Round "1"]
[White "gonzo655"]
[Black "MichelTA"]
[Result "1-0"]
[WhiteElo "1658"]
[BlackElo "1555"]

1. e4 e5 2. Nf3 d6 3. Bc4 Nh6 4. d3 Ng4 5. Ng5 Qf6 6. f3 h6 7. Rf1 hxg5 8. fxg4
Qh6 9. h3 f6 10. Be3 c6 11. Nc3 b5 12. Bb3 a5 13. a4 b4 14. Ne2 c5 15. Bd5 Ra7
16. c3 Bb7 17. Qb3 Nd7 18. Bf7+ Kd8 19. Qe6 Be7 20. Qb3 g6 21. d4 Bxe4 22. Rf2
Qh4 23. Kd2 f5 24. Bxg6 Bxg2 25. Rxg2 Qxh3 26. Rg3 Qh2 27. Bxf5 exd4 28. cxd4
Rc7 29. dxc5 Nxc5 30. Bxc5 Rxc5 31. Qe3 Re5 32. Qb6+ Ke8 33. Bg6+ Kf8 34. Rf1+
Kg7 35. Rf2 Qh1 36. Bh5 Qd5+ 37. Qd4 Qxd4+ 38. Nxd4 Rf8 39. Rxf8 Bxf8 40. Nc6
Rd5+ 41. Rd3 Rxd3+ 42. Kxd3 b3 43. Nxa5 d5 44. Nxb3 Kf6 45. Kd4 Ke6 46. a5 Kd6
47. a6 Kc7 48. Kxd5 Kb8 49. Kc6 Ka7 50. Kb5 Ba3 51. Nd4 Bxb2 52. Nc6+ 1-0

[Event "AUTO-INT-2316"]
[Site "http://www.queenalice.com/game.php?id=1057389"]
[Date "2012.5.8"]
[Round "1"]
[White "MichelTA"]
[Black "stefan0611"]
[Result "0-1"]
[WhiteElo "1547"]
[BlackElo "1515"]

1. e4 e5 2. Nf3 Nc6 3. Bc4 Nf6 4. Ng5 d5 5. exd5 Nxd5 6. O-O Be6 7. Nc3 Nce7 8.
Qf3 Qd6 9. Nb5 Qc6 10. b3 a6 11. Nc3 h6 12. Nxe6 Qxe6 13. Ba3 O-O-O 14. Na4 e4
15. Qg3 Nf5 16. Nc5 Bxc5 17. Qg4 Bxa3 18. Rae1 h5 19. Qg5 Nd4 20. Qxg7 Nf3+ 21.
gxf3 Rhg8 22. Qxg8 Rxg8+ 23. Kh1 f5 24. Rg1 Rxg1+ 25. Rxg1 exf3 26. h4 Bc5 27.
Rg3 Qe1+ 28. Kh2 Qxf2+ 29. Kh3 Nf4# 0-1

[Event "AUTO-INT-2316"]
[Site "http://www.queenalice.com/game.php?id=1057390"]
[Date "2012.5.8"]
[Round "1"]
[White "stefan0611"]
[Black "MichelTA"]
[Result "1-0"]
[WhiteElo "1592"]
[BlackElo "1574"]

1. e4 e5 2. Nf3 f6 3. Bc4 Nc6 4. c3 d6 5. d4 exd4 6. cxd4 Nh6 7. O-O g5 8. Nc3
a6 9. a4 Ng4 10. h3 Nh6 11. Re1 g4 12. Bxh6 Bxh6 13. hxg4 Bxg4 14. Be2 Qe7 15.
e5 fxe5 16. dxe5 dxe5 17. Nxe5 Nxe5 18. Bxg4 Rg8 19. Bh5+ Kf8 20. Nd5 Qg5 21. g3
c6 22. Nc7 Rd8 23. Ne6+ Ke7 24. Nxg5 Rxd1 25. Bxd1 Rxg5 26. Bc2 Kf6 27. Ra3 b5
28. Kg2 Rf5 29. Bxf5 Kxf5 30. f3 Bd2 31. g4+ Kf4 32. Re4+ Kg5 33. Rxe5+ Kf6 34.
f4 Bxf4 35. Rf5+ Ke6 36. Rxf4 Kd7 37. Rf7+ Kd6 38. Rxh7 b4 39. Rd3+ Kc5 40. b3
a5 41. g5 Kb6 42. g6 Ka6 43. g7 Kb6 44. g8=Q Kc5 45. Rc7 Kb6 46. Rdd7 Kc5 47.
Qd5+ Kb6 48. Qxc6# 1-0